000
00297nam a22001337a 4500
008
190205b xxu||||| |||| 00| 0 eng d
020
_a
9780805373653
041
_a
eng
080
_2
4th
_a
573
100
_a
11
101
_a
BIO
245
_a
Investigating Biology
_c
Morgan,J.G
942
_2
udc
_c
BK
999
_c
53942
_d
53942